Statistics for All Lyrics - "Escapism" - RAYE feat. 070 Shake

Click here to take the quiz!

General Stats

  • This quiz has been taken 227 times
    (217 since last reset)
  • The average score is 368 of 498

Answer Stats

Answer% Correct
REPEAT
100%
I
99%
i
99%
A
98%
a
98%
in
96%
my
96%
on
96%
the
96%
to
96%
don't
94%
he
94%
me
94%
night
94%
you
94%
Last
93%
last
93%
man
93%
when
93%
back
92%
feel
92%
I'm
92%
of
92%
wanna
92%
and
91%
it
91%
car
90%
if
90%
that
90%
it's
89%
listen
89%
little
89%
love
89%
shit
89%
bitch
88%
care
88%
heart
88%
position
88%
cocaine
87%
myself
87%
over
87%
sippin'
87%
so
87%
was
87%
down
86%
told
86%
context
85%
how
85%
sniffin'
85%
high
84%
any
83%
be
83%
Be
83%
'Cause
83%
'cause
83%
champagne
83%
decision
83%
did
83%
is
83%
six
83%
stick
83%
heels
82%
inch
82%
taxi
82%
this
82%
broke
81%
dumb
81%
sat
81%
these
81%
with
81%
bar
80%
dress
80%
find
80%
him
80%
want
80%
black
79%
doctor
79%
please
79%
who
79%
at
78%
drunk
78%
have
78%
nightclub
78%
no
78%
sex
78%
all
77%
bitches
77%
rippin'
77%
sittin'
77%
Just
76%
more
76%
or
76%
take
76%
trust
76%
two
76%
way
76%
anything
75%
are
75%
as
75%
for
75%
looking
75%
mercy
75%
page
75%
same
75%
some
75%
tonight
75%
drippin'
74%
hot
74%
12
73%
diamonds
73%
like
73%
met
73%
now
73%
ways
73%
mission
72%
pain
72%
simple
72%
hotel
71%
somethin'
71%
wines
70%
away
69%
go
69%
Out
69%
out
69%
texts
69%
calls
68%
intro
68%
old
68%
symptoms
68%
tears
68%
teasin'
68%
town
67%
fact
66%
your
66%
asking
63%
Bentley
63%
get
61%
ordered
60%
2019
57%
you're
57%
got
56%
about
55%
sweaty
54%
ex
53%
new
52%
Sleazin'
51%
felt
50%
see
47%
dick
46%
know
46%
really
46%
acting
44%
cherry
44%
since
44%
what
44%
already
43%
cake
43%
full
43%
glass
43%
half
43%
hours
43%
step
43%
well
43%
24
42%
hopes
41%
might
41%
bed
40%
blowin'
40%
excuse
40%
days
39%
least
39%
not
39%
you'll
38%
make
37%
mean
36%
state
36%
too
35%
am
34%
been
34%
dark
34%
finding
34%
trippin'
34%
where
34%
joint
33%
sizzling
33%
lately
32%
Prada
32%
fuck
31%
crippling
30%
steam
30%
but
29%
can't
29%
head
29%
two-piece
29%
I'll
27%
things
27%
peace
26%
there's
26%
fuckin'
25%
art
24%
drivin'
24%
nothing
24%
regret
24%
who's
24%
came
23%
leave
23%
other
23%
than
23%
both
22%
change
22%
escape
22%
kick
22%
left
22%
naked
22%
poundin'
22%
Toke
22%
dead
21%
yeah
21%
drum
20%
reach
20%
read
20%
stranger
20%
everyone
18%
feelings
18%
highway
18%
lipstick
18%
remember
18%
touch
18%
4-4
17%
numb
17%
pills
17%
never
16%
street
16%
mixin'
15%
speedin'
15%
up
15%
liquor
14%
secrets
14%
smudged
14%
modern
13%
run
13%
spilling
13%
Mm
12%
small
11%
sunset
11%
maze
10%
toast
8%
'cah
7%

Score Distribution

Percentile by Number Answered

Percent of People with Each Score

Your Score History

You have not taken this quiz since the last reset